[Event "Porto San Giorgio op 23rd"]
[Site "Porto San Giorgio"]
[Date "2011.08.21"]
[Round "1"]
[White "Albertini, Luca"]
[Black "Barnabei, Stefano"]
[Result "1-0"]
[WhiteElo "1986"]
[BlackElo "1759"]
[PlyCount "69"]
[EventDate "2011.08.21"]
[EventType "swiss"]
[EventRounds "9"]
[EventCountry "ITA"]
[SourceTitle "CBM 144 Extra"]
[Source "ChessBase"]
[SourceDate "2011.10.28"]
[SourceVersion "1"]
[SourceVersionDate "2011.10.28"]
[SourceQuality "1"]

1. d4 Nf6 2. c4 c5 3. Nf3 cxd4 4. Nxd4 g6 5. g3 Bg7 6. Bg2 0-0 7. 0-0 Nc6 8. Nc2 d6 9. Nc3 a6 10. e4 Bg4 11. Bf3 Bxf3 12. Qxf3 Rc8 13. Qe2 Qd7 14. Bd2 Qg4 15. f3 Qd7 16. Rac1 Rfe8 17. Rfd1 Qh3 18. b3 Red8 19. Qf1 Qxf1+ 20. Kxf1 Nd7 21. Nd5 Kf8 22. Be3 e6 23. Nb6 Nxb6 24. Bxb6 Rd7 25. f4 Ke7 26. a4 f5 27. exf5 gxf5 28. Rd3 e5 29. Ne3 Ke6 30. fxe5 Bxe5 31. Nd5 Ne7 32. Re1 Nxd5 33. Rxd5 Re7 34. Bd4 Kf6 35. Rxd6+ 1-0

[Event "Offida Winter op 8th"]
[Site "Offida"]
[Date "2010.12.05"]
[Round "1"]
[White "Gregori, Giacomo"]
[Black "Barnabei, Stefano"]
[Result "1-0"]
[WhiteElo "1902"]
[BlackElo "1746"]
[PlyCount "79"]
[EventDate "2010.12.05"]
[EventType "swiss"]
[EventRounds "6"]
[EventCountry "ITA"]
[SourceTitle "EXT 2024"]
[Source "ChessBase"]
[SourceDate "2023.10.10"]
[SourceVersion "1"]
[SourceVersionDate "2023.10.10"]
[SourceQuality "1"]

1. d4 d5 2. c4 dxc4 3. Nf3 Nf6 4. g3 e6 5. Bg2 c5 6. 0-0 Be7 7. Qa4+ Nbd7 8. Qxc4 0-0 9. Rd1 Qb6 10. Nc3 cxd4 11. Na4 Qb4 12. Qxb4 Bxb4 13. a3 Be7 14. Nxd4 a6 15. b4 Rb8 16. Bb2 Re8 17. Rac1 Nd5 18. e4 N5b6 19. Nxb6 Nxb6 20. Nb3 Bd7 21. Nc5 Bb5 22. Bf1 Bxf1 23. Kxf1 Bxc5 24. bxc5 Na4 25. Be5 Rbc8 26. Bd6 Red8 27. e5 h6 28. Ke2 f6 29. f4 Kf7 30. g4 Rc6 31. Rd4 b5 32. Rd2 Rdc8 33. Rdc2 f5 34. gxf5 exf5 35. Ke3 Ke6 36. Kd4 Rg8 37. h4 g5 38. hxg5 hxg5 39. Rh1 gxf4 40. Rh7 1-0